000 01836nam a22004217a 4500
003 CHAP
005 20220329132941.0
008 971013s1988 r 00010 d
010 _a585
011 _a1557
035 _a733
040 _cCHAP
082 _a551.59
_bG37 1988
100 0 0 _aGarcía, Enriqueta.
_946774
245 _aModificaciones al sistema de clasificación climática de Koppen (para adaptarla a las condiciones de la República Mexicana)
250 _a4 ed.
260 _aMéxico, D. F. :
_b[s.n.],
_c1988
300 _a217 p.
_b: ilus.; mapas; gráfs.
500 _a37-58
590 _aBATCH-UPD
_b10
_c20130110
_lUCH01
_h1350
590 _aBATCH-UPD
_b10
_c20130410
_lUCH01
_h0847
590 _aBATCH-UPD
_b10
_c20130914
_lUCH01
_h0948
590 _aCONVERSION
_b10
_c20130109
_lUCH01
_h1302
650 1 4 _aClima
_xMéxico.
_923835
650 1 4 _aClimatología.
_923864
700 0 _aKoppen, W.
_963728
901 _aBK
942 _cLIBRO
949 _a551.59 G37 1988
_bBC
_cLIBRO
_d33724000461224
_eLIBRO
_fc.6
_gI. c/e
_h77400
_i733
_si
_t24.00
949 _a551.59 G37 1988
_bBC
_cLIBRO
_d33724000581559
_eLIBRO
_fc.5
_gI. c/e
_h77399
_i733
_si
_t24.00
949 _a551.59 G37 1988
_bBC
_cLIBRO
_d33724000610044
_eLIBRO
_fc.3
_gI. c/e
_h77397
_i733
_si
_t24.00
949 _a551.59 G37 1988
_bBC
_cLIBRO
_d33724000792925
_eLIBRO
_fc.4
_gI. c/e
_h77398
_i733
_si
_t24.00
949 _a551.59 G37 1988
_bBC
_cLIBRO
_d33724000903548
_eLIBRO
_fc.7
_h77401
_i733
_so
_t24.00
949 _a551.59 G37 1988
_bBC
_cLIBRO
_d33724000906350
_eLIBRO
_fc.9
_h88053
_i733
_so
_t24.00
949 _a551.59 G37 1988
_bBC
_cLIBRO
_d33724000947271
_eLIBRO
_fc.8
_gI. c/e
_h77402
_i733
_si
949 _a551.59 G37 1988
_bBC
_cLIBRO
_d33724000947362
_eLIBRO
_fc.2
_gI. c/e
_h77396
_i733
_so
_t24.00
949 _a551.59 G37 1988
_bBC
_cLIBRO
_d33724000959052
_eLIBRO
_gI. c/e
_h77395
_i733
_so
_t24.00
999 _c585
_d585